| 000 | 00505nam a2200193 4500 | ||
|---|---|---|---|
| 001 | vtls001628025 | ||
| 003 | NLI | ||
| 005 | 20210627102645.0 | ||
| 008 | 130118 00 eng | ||
| 039 | 9 |
_a201306072055 _bezajulh _y201301181728 _zaruncp |
|
| 100 | 1 |
_aKaushik, Rajesh _9852732 |
|
| 245 | 1 | 0 | _aEntrepreneurship |
| 260 | _c2011 | ||
| 887 | _a | ||
| 901 |
_aDB137531 : _b31.01.13 |
||
| 903 | _aarun | ||
| 999 |
_aVIRTUA4 _c814101 _d814101 |
||
| 942 |
_2ddc _cBKS |
||
| 999 | _aVTLSSORT0080*1000*2450*2600*9010*9030*9992 | ||